000 00295nam a22001337a 4500
008 171127b xxu||||| |||| 00| 0 eng d
020 _a9780735623873
041 _aeng
080 _a004
100 _a29
101 _aSHK
245 _aBEYOND BULLET POINTS
_cATKINSON.C
942 _2udc
_cBK
999 _c38523
_d38523